Magyar Paedagogiai Társaság

Elmentve itt :
Bibliográfiai részletek
Dokumentumtípus: Cikk
Megjelent: 1936
Sorozat:Magyar pedagógia : a Magyar Tudományos Akadémia Pedagógiai Bizottságának folyóirata 45
Kulcsszavak:Kornis Gyula, Magyar Pedagógiai Társaság beszámoló 1935
Online Access:http://misc.bibl.u-szeged.hu/10937
LEADER 00620nab a2200169 i 4500
001 misc10937
005 20191106142148.0
008 170607s1936 hu o 0|| hun d
022 |a 0025-0260 
040 |a SZTE Miscellanea Repozitórium  |b hun 
041 |a hun 
245 0 0 |a Magyar Paedagogiai Társaság  |h [elektronikus dokumentum] 
260 |c 1936 
300 |a 64 
490 0 |a Magyar pedagógia : a Magyar Tudományos Akadémia Pedagógiai Bizottságának folyóirata  |v 45 
695 |a Kornis Gyula, Magyar Pedagógiai Társaság beszámoló 1935 
856 4 0 |u http://misc.bibl.u-szeged.hu/10937/1/mp_1936_064.pdf  |z Dokumentum-elérés